000 00470nam a2200157 a 4500
001 BRCA_9120
005 20190320210527.0
008 051017s--------sp-#######---#000-0#lat-#
041 _alat
084 _aCO25
_b.J87
245 1 0 _aJani Vincentii Gravin ae jurisconsulti opera.
300 _a348 p.
_c23.6 x 19 cm
500 _aEstado físico: presenta encuadernación en pergamino con cintas, lomo semi desprendido y carece de portada
902 _aCFM
942 _2lcc
_cB
999 _c8768
_d8768